Premier League 2020-2021 Top scorers - Statistics

General Stats
  • This quiz has been taken 42 times
  • The average score is 10 of 10
Answer Stats
Goals Nationality Club Player % Correct
18 Portugal Manchester United Bruno Fernandes
100%
23 England Tottenham Hotspur Harry Kane
100%
22 Egypt Liverpool Mohamed Salah
100%
17 South Korea Tottenham Hotspur Son Heung-min
100%
13 Germany Manchester City İlkay Gündoğan
97%
15 England Leicester City Jamie Vardy
97%
13 France Arsenal Alexandre Lacazette
95%
16 England Everton Dominic Calvert-Lewin
95%
14 England Aston Villa Ollie Watkins
92%
17 England Leeds United Patrick Bamford
85%
No matching quizzes found
Score Distribution
Percent of People with Each Score
Percentile by Number Answered
Your Score History
You have not taken this quiz